[Event "EYCC 2017"]
[Site "Mamaia"]
[Date "2017.09.09"]
[Round "5"]
[White "Haring, Filip"]
[Black "Gharibyan, Mamikon"]
[Result "0-1"]
[WhiteElo "2232"]
[BlackElo "2365"]
[Annotator "TA"]
[PlyCount "72"]
[EventDate "2017.??.??"]
[EventType "swiss"]
[EventCountry "ROU"]
[SourceTitle "playchess.com"]
[Source "ChessBase"]
[SourceQuality "1"]

{[%evp 30,72,58,47,50,59,51,47,64,51,40,24,23,16,20,0,21,15,30,0,100,99,92,104,77,-301,-304,-301,-297,-283,-283,-285,-293,-293,-255,-370,-344,-405,-398,-409,-400,-425,-425,-518,-509]} 1. e4 e6 2. d4 d5 3. Nd2 c5 4. exd5 Qxd5 5. Ngf3 cxd4 6. Bc4 Qd6 7. O-O Nf6 8. Nb3 Nc6 9. Nbxd4 Nxd4 10. Nxd4 a6 11. Re1 Qc7 12. Bb3 Bd7 13. Qf3 {C07: French Tarrasch: 3...c5, 4 Ngf3 and 4 exd5 Qxd5} O-O-O 14. Bf4 Bd6 15. Bxd6 Qxd6 16. Rad1 {[#] LiveBook: 4 Games. Hoping for Nxe6.} Qc7 17. Re3 Kb8 $1 {Strongly threatening ...e5.} 18. Rc3 {[#]} Qb6 $146 ({Find the theoretical novelty and annotate with similar games:} 18... Qe5 19. Bc4 Ka7 20. Ra3 Qe4 {½-½ (63) Efimenko,Z (2654)-Vitiugov,N (2681) Germany 2009}) 19. Bc4 Ba4 20. Rcd3 (20. Qg3+ {feels hotter.} Ka8 21. Rcd3 Rhg8 22. b3 Bc6 23. Nxc6 Rxd3 24. Bxd3 Qxc6 25. c4) 20... Qc7 21. Bb3 (21. b3 $5 {[%cal Rb3a4]} Be8 22. Rc3 $14) 21... Bxb3 22. Nxb3 Rc8 23. c3 h5 24. Qg3 e5 (24... Qxg3 $11 25. hxg3 h4) 25. Qxg7 $16 Ng4 26. Rd7 Qb6 27. Rxf7 $2 {[%mdl 8192] [#]} (27. R1d2 $16 {stays on course.}) 27... Rcg8 $19 28. Rxb7+ Qxb7 29. Qxb7+ Kxb7 30. h3 Nf6 31. Rd6 Ne4 32. Na5+ (32. Rd1 {was the only defense.}) 32... Kc7 33. Rc6+ Kd7 34. f3 Nd6 35. Rc5 Rb8 36. Rd5 {If only White now had time for Nc4....} Rb5 {Precision: White = 32%, Black = 70%.} 0-1

[Event "EYCC 2017"]
[Site "Mamaia"]
[Date "2017.09.09"]
[Round "5"]
[White "Sliwicka, Alicja"]
[Black "Nastase, Andreea-Cristina"]
[Result "1-0"]
[WhiteElo "2230"]
[BlackElo "1986"]
[Annotator "TA"]
[PlyCount "167"]
[EventDate "2017.??.??"]
[EventType "swiss"]
[EventCountry "ROU"]
[SourceTitle "playchess.com"]
[Source "ChessBase"]
[SourceQuality "1"]

{[%evp 25,167,41,60,22,28,16,35,7,2,12,8,8,8,20,34,26,43,39,42,37,61,56,56,50,63,64,59,53,81,74,89,45,54,49,48,20,50,24,29,0,0,0,0,0,0,0,26,0,0,0,0,0,0,0,0,0,0,0,50,50,88,88,165,168,171,179,221,222,213,189,230,227,265,248,231,229,534,470,443,429,503,495,785,783,742,719,697,645,769,769,769,762,740,736,1147,1139,1129,1054,1051,1022,1311,1000,1988,1680,5799,5439,4782,4782,4775,4071,2410,2167,2261,8536,5061,874,6460,1022,931,916,879,832,806,704,665,8,29970,815,814,814,814,795,29975,29972,29989,29990,29990,29984,29984,29985,29988,29989,29989,29988]} 1. e4 c5 2. c4 Nc6 3. Ne2 g6 4. d4 cxd4 5. Nxd4 Nf6 6. Nc3 Nxd4 7. Qxd4 d6 8. Be3 Bg7 9. f3 O-O 10. Qd2 Be6 11. Rc1 Rc8 12. b3 {B36: Sicilian: Maroczy Bind: Gurgenidze System} Qa5 13. Be2 a6 {LiveBook: 11 Games} (13... Nd7 14. h4 f5 15. Nd5 Qxd2+ 16. Kxd2 Rfe8 17. Nf4 Bf7 18. exf5 gxf5 19. g4 fxg4 20. fxg4 {1-0 (50) Kovalenko,I (2664)-Zuyev,I (2427) Germany 2016}) 14. Na4 {White is slightly better.} Qxd2+ 15. Kxd2 Nd7 16. g4 $146 ({Predecessor:} 16. Rc2 f5 17. exf5 gxf5 18. Rhc1 Rc6 19. f4 Nf6 20. Bf3 {1-0 (39) Gheorghiu,F (2460)-Giertz,N (2245) Bad Ragaz 1993}) 16... f5 17. exf5 gxf5 18. h3 f4 19. Bf2 Bf7 20. Nc3 e6 21. Ne4 Nc5 22. Ng5 a5 23. Nxf7 Kxf7 24. Rhd1 Bb2 25. Rb1 Ba3 26. Ke1 Rcd8 27. Kf1 Bb4 28. Bd4 e5 29. Bb2 {And now a3 would win.} Ne6 $1 30. Bd3 Bc5 31. a3 ({Much worse is} 31. Bxh7 Rh8 $15) 31... h5 32. Bc3 hxg4 33. hxg4 b6 34. b4 axb4 35. axb4 Be3 36. Ra1 Ng5 37. Kg2 $36 {[%mdl 2048] With the idea Ra7+. Black is under pressure.} Rh8 38. Rh1 Rxh1 39. Rxh1 Ra8 40. Ra1 Rxa1 41. Bxa1 $11 {[%mdl 4096] Endgame KBB-KBN} Kf6 42. Bc3 Ne6 43. Be1 Kf7 (43... Kg5 $16) 44. Bh4 $1 $18 Bd2 45. b5 Nc5 {[#]} 46. Bc2 $1 Be3 47. Kh3 Ne6 48. g5 Nd4 49. Be4 Ne2 50. Kg4 Ng3 $2 (50... Bc5 {is tougher.} 51. Bf5 Kg7) 51. Bd3 Kg7 52. g6 e4 53. fxe4 {[%cal Bf3e4,Be4e5][%mdl 32]} Kxg6 (53... Nh1 $142 54. Kf3 Kxg6 55. e5+ Kf7) 54. Be7 Nh1 55. Bc2 Nf2+ 56. Kf3 Nh3 57. e5+ Kf7 58. exd6 Ng1+ 59. Ke4 Ne2 60. Bd3 Nc1 61. Bf1 Nb3 62. Kd5 Nd2 63. Bh3 {Strongly threatening Be6+.} Bc5 64. Be6+ Ke8 65. Bg5 {Intending d7+ and mate.} Bxd6 66. Kxd6 Ne4+ 67. Kc6 Nxg5 {KB-KN} 68. Bg4 f3 69. Kxb6 f2 70. Be2 Kd7 71. Ka7 (71. c5 $142 Ne6 72. Bf1) 71... Ne6 72. b6 Nd4 73. Bf1 Nc6+ 74. Kb7 Nd8+ 75. Ka6 $2 (75. Kb8 $18 {Hoping for Bg2.} Kd6 76. Ka8) 75... Kc8 $2 {[%mdl 8192]} (75... Kd6 $11) 76. Kb5 (76. Bh3+ $142 Kb8 77. c5 Nc6 78. Kb5 Nd4+ 79. Kc4 Nc6 80. Kb5 Nd4+ 81. Kc4) 76... Ne6 77. c5 Nd4+ 78. Kc4 Nf3 79. Kd5 {White mates.} Nd2 80. Ba6+ Kd8 81. Kd6 Ne4+ {[#]} 82. Kc6 $1 Nf6 83. b7 Nd7 84. Bf1 {Precision: White = 68%, Black = 49%.} 1-0

[Event "EYCC 2017"]
[Site "Mamaia"]
[Date "2017.09.09"]
[Round "5"]
[White "Morgunov, Marc"]
[Black "Dudek, Vojtech"]
[Result "1-0"]
[WhiteElo "2199"]
[BlackElo "1951"]
[Annotator "NA"]
[PlyCount "67"]
[EventDate "2017.??.??"]
[EventType "swiss"]
[EventCountry "ROU"]
[SourceTitle "playchess.com"]
[Source "ChessBase"]
[SourceQuality "1"]
[TimeControl "40/5400+30:1800+30"]

1. e4 {[%emt 0:00:00]} c5 2. Nf3 {[%emt 0:00:00]} d6 {[%emt 0:01:12]} 3. Bb5+ {[%emt 0:00:47]} Bd7 {[%emt 0:01:03]} 4. Bxd7+ {[%emt 0:03:17]} Qxd7 {[%emt 0:01:32]} 5. O-O {[%emt 0:01:25]} Nc6 {[%emt 0:02:57]} 6. c3 {[%emt 0:03:23]} Nf6 {[%emt 0:00:53]} 7. Qe2 {[%emt 0:02:01]} e6 {[%emt 0:03:44]} 8. d4 {[%emt 0:05:30]} cxd4 {[%emt 0:00:36]} 9. cxd4 {[%emt 0:00:49]} Be7 {[%emt 0:01:02]} 10. Nc3 {[%emt 0:01:04]} O-O {[%emt 0:01:41]} 11. d5 {[%emt 0:13:47]} Ne5 {[%emt 0:17:22]} 12. dxe6 {[%emt 0:12:42]} Nxf3+ {[%emt 0:00:52]} 13. Qxf3 {[%emt 0:00:06]} fxe6 {[%emt 0:00:29]} 14. Qd3 {[%emt 0:04:07]} Ng4 {[%emt 0:08:55]} 15. Qg3 {[%emt 0:09:23]} Ne5 {[%emt 0:01:13]} 16. Rd1 {[%emt 0:02:50]} Ng6 {[%emt 0:14:44]} 17. Be3 {[%emt 0:05:12]} Rad8 {[%emt 0:07:08]} 18. a4 {[%emt 0:09:59]} Bh4 {[%emt 0:03:40]} 19. Qh3 {[%emt 0:00:38]} Bf6 {[%emt 0:01:59]} 20. Nb5 {[%emt 0:06:19]} Qe7 {[%emt 0:01:02]} 21. Rac1 {[%emt 0:02:52]} Bxb2 {[%emt 0:03:49]} 22. Rc7 {[%emt 0:00:56]} Qf6 {[%emt 0:00:13]} 23. Rxb7 {[%emt 0:01:39]} a6 {[%emt 0:00:31]} 24. Nc7 {[%emt 0:01:49]} Rd7 {[%emt 0:01:49]} 25. Nd5 {[%emt 0:02:19]} Qf7 {[%emt 0:01:40]} 26. Rxb2 {[%emt 0:00:11]} exd5 {[%emt 0:00:08]} 27. exd5 {[%emt 0:02:44]} Ne5 {[%emt 0:02:44]} 28. Rc2 {[%emt 0:00:55]} Re8 {[%emt 0:01:36]} 29. Qh4 {[%emt 0:02:24]} Qf5 {[%emt 0:00:46]} 30. Rc3 {[%emt 0:00:26]} Ng4 {[%emt 0:01:12]} 31. Bb6 {[%emt 0:01:38]} Rde7 {[%emt 0:01:38]} 32. f3 {[%emt 0:00:53]} Qxd5 {[%emt 0:01:30]} 33. Rcc1 {[%emt 0:01:50]} Qb3 {[%emt 0:02:05]} 34. Rb1 1-0

[Event "EYCC 2017"]
[Site "Mamaia"]
[Date "2017.09.09"]
[Round "5"]
[White "Trimitzios, Petros"]
[Black "Matviishen, Viktor"]
[Result "0-1"]
[WhiteElo "2191"]
[BlackElo "2431"]
[Annotator "TA"]
[PlyCount "89"]
[EventDate "2017.??.??"]
[EventType "swiss"]
[EventCountry "ROU"]
[SourceTitle "playchess.com"]
[Source "ChessBase"]
[SourceQuality "1"]

{[%evp 15,89,-18,-21,-26,-8,-38,-28,-67,-63,-85,-90,-86,-82,-83,-86,-78,-100,-137,-155,-139,-151,-143,-134,-131,-112,-196,-175,-179,-185,-170,-106,-143,-129,-114,-126,-105,-99,-122,-120,-108,0,0,0,-150,-156,-206,-181,-300,-285,-332,-364,-326,-252,-377,-370,-366,-289,-379,-284,-910,-296,-729,0,-862,0,-631,-778,-1229,-360,-356,0,-1209,-1187,-5505,-5497,-29999]} 1. d4 Nf6 2. c4 e6 3. g3 c5 4. d5 exd5 5. cxd5 b5 6. a4 {A60: Modern Benoni: Early Divergences} (6. Bg2 d6 7. Nf3 g6 8. O-O Bg7 9. e4 O-O 10. Re1 Re8 11. e5 dxe5 12. Nxe5 Bb7 13. Nc6 Rxe1+ 14. Qxe1 Qd7 15. Ne5 {0-1 (32) Li,C (2751)-Ivanchuk,V (2710) Huaian 2016}) 6... b4 7. Bg2 d6 8. Nd2 Nbd7 {LiveBook: 6 Games} 9. Ngf3 g6 10. O-O Bg7 ({Don't play} 10... Nxd5 11. Nc4 $16) 11. a5 Ba6 12. Re1 $146 ({Predecessor:} 12. Qc2 Nxd5 13. Nh4 N7f6 {1-0 (28) Lovejoy,D-Jenkinson,S Australia 1984}) 12... O-O 13. e4 Re8 14. Qc2 Rb8 15. Bf1 {[#]} b3 $1 {[%mdl 512]} 16. Qb1 (16. Nxb3 Bxf1) 16... Bxf1 17. Kxf1 Rb4 18. Qd3 {[#]} c4 $1 {[%mdl 512]} 19. Nxc4 Nc5 20. Qe2 (20. Qc3 $17 {might work better.} Nxd5 21. Qd2 Rxc4 22. Qxd5 Rcxe4 23. Rxe4 Rxe4 24. Be3 Bxb2 25. Rd1 Rxe3 26. fxe3 Qxa5 27. Qxd6) 20... Rxe4 21. Ne3 {[#]} Nxd5 $1 {[%mdl 512]} 22. Rd1 (22. Nxd5 Rxe2) 22... Ne7 (22... Nc7 $19 23. Qd2 Qf6) 23. Bd2 Ra4 {aiming for ...Rxa1.} 24. Ng5 Rxa1 25. Rxa1 Re5 ({Much weaker is} 25... Bxb2 $6 26. Rb1 $14) 26. f4 {[#]} Rxg5 $1 {[%mdl 512]} 27. fxg5 Qa8 ({Black should try} 27... Bxb2 $17 28. Rb1 Bd4) 28. Qg2 $11 Qc8 $36 {[%mdl 2048] Black has some pressure.} 29. Bb4 ({Better is} 29. Nd1 $11) 29... Bd4 $17 30. Qf3 Qh3+ $1 ({Less strong is} 30... Bxb2 31. Rb1 $11) 31. Qg2 (31. Kg1 {is a better defense.} Qe6 32. Kg2 Qxe3 33. Qxe3 Bxe3 34. Rd1) 31... Qe6 $19 32. Bxc5 dxc5 33. Nd1 Qf5+ 34. Ke1 (34. Ke2 $142) 34... Nd5 35. Qf1 Qxg5 36. Qc4 Qe5+ 37. Kd2 $2 (37. Qe2 Qf5 38. Ra3) 37... Be3+ $2 (37... Bxb2 {Strongly threatening ...Bc3+.} 38. Ra4 {[#]} Bc3+ $1 {[%mdl 512]} 39. Kc1 Qg5+ 40. Kb1 b2 $1 {[%mdl 512]} 41. Nxb2 Qd2) 38. Ke2 $2 (38. Ke1) 38... Bd4+ 39. Kd2 Be3+ 40. Ke2 $1 Bc1+ 41. Kf3 Qf5+ $2 (41... Bxb2 42. Rb1 Qf5+ 43. Ke2 Qc2+ 44. Qxc2 bxc2 45. Rxb2 c1=Q) 42. Ke2 Qe5+ $2 (42... Qe6+ 43. Kf2 Qf6+ 44. Kg1 Ne3) 43. Kf3 Bxb2 44. Nxb2 Qf6+ 45. Ke4 {Precision: White = 49%, Black = 60%.} 0-1

[Event "EYCC 2017"]
[Site "Mamaia"]
[Date "2017.09.09"]
[Round "5"]
[White "Antonica, Dragos-Andrei"]
[Black "Luczak, Filip"]
[Result "0-1"]
[WhiteElo "2188"]
[BlackElo "1866"]
[Annotator "NA"]
[PlyCount "78"]
[EventDate "2017.??.??"]
[EventType "swiss"]
[EventCountry "ROU"]
[SourceTitle "playchess.com"]
[Source "ChessBase"]
[SourceQuality "1"]
[TimeControl "40/5400+30:1800+30"]

1. d4 Nf6 2. Nf3 g6 3. c4 Bg7 4. Nc3 d6 5. h3 Na6 6. e4 O-O 7. Be3 c5 8. d5 {LiveBook: 48 Games} Qa5 9. Qd2 $14 Nc7 10. Bd3 a6 11. O-O b5 12. e5 Nd7 13. exd6 exd6 14. Bh6 bxc4 15. Bxg7 Kxg7 16. Bxc4 Nb6 17. Bb3 Bf5 18. g4 Bd7 19. Qf4 Nb5 20. Ne4 c4 21. Nf6 Nxd5 22. Nxd5 f5 23. g5 cxb3 24. Nf6 Bc6 25. axb3 Qd8 26. Qh4 h5 27. Nd4 Qb6 28. Ne6+ Kf7 29. Nxf8 Nd4 30. Qg3 Ne2+ 31. Kh2 Nxg3 32. fxg3 Qxb3 33. Rf2 Rxf8 34. Rc1 Qb6 35. Rfc2 Be4 36. Nd7 Qb5 37. Nxf8 Bxc2 38. Rxc2 Kxf8 39. Rc8+ Kf7 0-1

[Event "EYCC 2017"]
[Site "Mamaia"]
[Date "2017.09.09"]
[Round "5"]
[White "Kanakova, Natalie"]
[Black "Janiashvili, Mariami"]
[Result "0-1"]
[WhiteElo "2186"]
[BlackElo "1875"]
[Annotator "NA"]
[PlyCount "108"]
[EventDate "2017.??.??"]
[EventType "swiss"]
[EventCountry "ROU"]
[SourceTitle "playchess.com"]
[Source "ChessBase"]
[SourceQuality "1"]
[TimeControl "40/5400+30:1800+30"]

1. e4 {[%emt 0:00:00]} e6 {[%emt 0:00:02]} 2. d4 {[%emt 0:00:00]} d5 {[%emt 0:00:02]} 3. Nc3 {[%emt 0:00:48]} dxe4 {[%emt 0:00:04]} 4. Nxe4 {[%emt 0:00:04]} Bd7 {[%emt 0:00:04]} 5. Nf3 {[%emt 0:01:34]} Bc6 {[%emt 0:00:41]} 6. Bd3 {[%emt 0:06:28]} Nd7 {[%emt 0:00:05]} 7. O-O {[%emt 0:04:23]} Ngf6 {[%emt 0:00:27]} 8. Qe2 {[%emt 0:01:02]} Nxe4 {[%emt 0:00:42]} 9. Bxe4 {[%emt 0:00:06]} Bxe4 {[%emt 0:00:02]} 10. Qxe4 {[%emt 0:00:09]} c6 {[%emt 0:01:11]} 11. c4 {[%emt 0:04:35]} Nf6 {[%emt 0:01:20]} 12. Qe2 {[%emt 0:01:01]} Be7 {[%emt 0:01:27]} 13. Bd2 {[%emt 0:02:57]} O-O {[%emt 0:05:22] C10: French with 3 Nc3: Unusual Black 3rd moves and 3...dxe4} 14. Bc3 {[%emt 0:00:32]} (14. Rad1 Qb6 15. Bc1 a5 16. d5 cxd5 17. cxd5 Ra6 18. Rd3 Qb5 19. dxe6 Rxe6 20. Qd1 Re4 21. Rb3 {½-½ (33) Lagerman,R (2347)-Bromann,T (2434) Reykjavik 2010}) 14... Qc7 {[%emt 0:05:31]} 15. Rad1 {[%emt 0:06:52]} Rad8 {[%emt 0:02:49]} 16. Ne5 {[%emt 0:02:56]} Nd7 $146 {[%emt 0:02:50]} ({Predecessor:} 16... c5 17. dxc5 Bxc5 18. b4 Be7 19. a3 Rxd1 20. Rxd1 Rc8 21. c5 Nd5 22. Bb2 a5 23. Nd3 b6 {0-1 (23) Tripp,G-Brousek,J ICCF email 2001}) 17. Ng4 {[%emt 0:07:14]} Qf4 {[%emt 0:07:30]} 18. Bd2 {[%emt 0:11:54]} Qf5 {[%emt 0:00:54]} 19. Ne3 {[%emt 0:01:54]} Qg6 {[%emt 0:01:22]} 20. f4 {[%emt 0:07:16]} Qe4 {[%emt 0:03:15]} 21. Qf2 {[%emt 0:04:04]} Bf6 {[%emt 0:11:00]} 22. Bc3 {[%emt 0:03:27]} c5 {[%emt 0:04:15]} 23. Ng4 {[%emt 0:05:05]} Bxd4 {[%emt 0:14:11]} 24. Bxd4 {[%emt 0:00:05]} cxd4 {[%emt 0:00:02]} 25. Rxd4 {[%emt 0:00:13]} Qf5 {[%emt 0:00:05]} 26. Ne3 {[%emt 0:04:29]} Qf6 {[%emt 0:02:27]} 27. Rfd1 {[%emt 0:00:14]} Nb6 {[%emt 0:02:26]} 28. Ng4 {[%emt 0:01:13]} Qe7 {[%emt 0:00:08]} 29. b3 {[%emt 0:02:39]} Nc8 {[%emt 0:08:13]} 30. R1d3 $14 {[%emt 0:05:15]} a5 {[%emt 0:07:15]} 31. Kf1 {[%emt 0:03:38]} Rxd4 {[%emt 0:08:18]} 32. Qxd4 {[%emt 0:00:38]} Qh4 {[%emt 0:00:17]} 33. Nf2 {[%emt 0:09:35]} Ne7 {[%emt 0:03:01]} 34. Qd8 {[%emt 0:00:57]} g6 {[%emt 0:01:01]} 35. g3 {[%emt 0:00:32]} Qf6 {[%emt 0:01:03]} 36. Qxa5 {[%emt 0:00:17]} Nc6 {[%emt 0:01:55]} 37. Qd2 {[%emt 0:00:16]} Ra8 {[%emt 0:01:09]} 38. a4 {[%emt 0:00:56]} Ra5 {[%emt 0:01:42]} 39. Ng4 {[%emt 0:02:09]} Qa1+ {[%emt 0:00:55]} 40. Kg2 {[%emt 0:00:00]} h5 {[%emt 0:00:59]} 41. Nf2 {[%emt 0:06:25]} h4 {[%emt 0:04:05]} 42. g4 {[%emt 0:01:03]} Ra8 {[%emt 0:03:17]} 43. Rd7 {[%emt 0:00:59]} Qb1 {[%emt 0:00:32]} 44. Qd3 {[%emt 0:06:07]} Qc1 {[%emt 0:00:31]} 45. Qd2 {[%emt 0:05:23]} Qb1 {[%emt 0:00:17]} 46. f5 {[%emt 0:02:09]} h3+ {[%emt 0:07:21]} 47. Kxh3 {[%emt 0:01:55]} Qf1+ {[%emt 0:19:39]} 48. Kg3 {[%emt 0:07:32]} Qg1+ {[%emt 0:00:10]} 49. Kf4 {[%emt 0:00:13]} Qxh2+ {[%emt 0:00:40]} 50. Kg5 {[%emt 0:02:13]} Ne5 {[%emt 0:00:23]} 51. Rd8+ {[%emt 0:00:03]} Rxd8 {[%emt 0:00:05]} 52. Qxd8+ {[%emt 0:00:04]} Kh7 {[%emt 0:00:04]} 53. fxg6+ {[%emt 0:04:12]} Nxg6 {[%emt 0:00:17]} 54. Nh3 {[%emt 0:00:42]} Qe5# {[%emt 0:00:34] Ng1} 0-1

[Event "EYCC 2017"]
[Site "Mamaia"]
[Date "2017.09.09"]
[Round "5"]
[White "Olde, Margareth"]
[Black "Asatryan, Sona"]
[Result "0-1"]
[WhiteElo "2161"]
[BlackElo "2043"]
[Annotator "NA"]
[PlyCount "74"]
[EventDate "2017.??.??"]
[EventType "swiss"]
[EventCountry "ROU"]
[SourceTitle "playchess.com"]
[Source "ChessBase"]
[SourceQuality "1"]
[TimeControl "40/5400+30:1800+30"]

1. d4 {[%emt 0:00:00]} Nf6 {[%emt 0:00:15]} 2. c4 {[%emt 0:00:00]} e6 {[%emt 0:00:03]} 3. Nf3 {[%emt 0:00:00]} b6 {[%emt 0:00:23]} 4. g3 {[%emt 0:00:00]} Bb7 {[%emt 0:00:04]} 5. Bg2 {[%emt 0:00:04]} Be7 {[%emt 0:00:17]} 6. O-O {[%emt 0:00:41]} O-O {[%emt 0:00:21]} 7. Nc3 {[%emt 0:00:13]} Ne4 {[%emt 0:00:15]} 8. Bd2 {[%emt 0:00:12]} d5 {[%emt 0:01:47]} 9. cxd5 {[%emt 0:03:20]} exd5 {[%emt 0:00:44]} 10. Rc1 {[%emt 0:02:42]} Nd7 {[%emt 0:03:32]} 11. Nxe4 {[%emt 0:15:53]} dxe4 {[%emt 0:00:06]} 12. Ne5 {[%emt 0:00:40]} c5 {[%emt 0:07:12]} 13. Qc2 {[%emt 0:16:57]} Rc8 {[%emt 0:15:35]} 14. Nxd7 {[%emt 0:03:15]} Qxd7 {[%emt 0:00:13]} 15. Bxe4 {[%emt 0:01:27]} Bxe4 {[%emt 0:08:36]} 16. Qxe4 {[%emt 0:00:09]} Bf6 {[%emt 0:02:16]} 17. Be3 {[%emt 0:10:47]} Rfe8 {[%emt 0:04:24]} 18. Qd3 {[%emt 0:01:06]} cxd4 {[%emt 0:03:14]} 19. Rxc8 {[%emt 0:00:55]} Qxc8 {[%emt 0:02:06]} 20. Rc1 {[%emt 0:07:55]} Qg4 {[%emt 0:06:11]} 21. Qc4 {[%emt 0:15:17]} h5 {[%emt 0:05:00]} 22. f3 {[%emt 0:11:21]} Qe6 {[%emt 0:08:55]} 23. Bf2 {[%emt 0:01:48]} Qxe2 {[%emt 0:04:57]} 24. b3 {[%emt 0:04:41]} Qxf3 {[%emt 0:07:15]} 25. Rc2 {[%emt 0:00:06]} d3 {[%emt 0:09:12]} 26. Rd2 {[%emt 0:00:06]} Re2 {[%emt 0:00:37]} 27. Rxe2 {[%emt 0:01:02]} dxe2 {[%emt 0:00:25]} 28. Qc1 {[%emt 0:01:10]} Bc3 {[%emt 0:00:30]} 29. h4 {[%emt 0:00:48]} e1=Q+ {[%emt 0:02:34]} 30. Bxe1 {[%emt 0:00:21]} Bd4+ {[%emt 0:00:04]} 31. Kh2 {[%emt 0:00:36]} Qe2+ {[%emt 0:00:10]} 32. Bf2 {[%emt 0:00:18]} Qxf2+ {[%emt 0:00:35]} 33. Kh3 {[%emt 0:00:03]} g6 {[%emt 0:02:31]} 34. a4 {[%emt 0:00:35]} Kg7 {[%emt 0:00:48]} 35. b4 {[%emt 0:00:14]} Be5 {[%emt 0:00:43]} 36. Qa3 {[%emt 0:00:05]} Qf1+ {[%emt 0:00:24]} 37. Kh2 {[%emt 0:00:06]} Bd4 {[%emt 0:00:20]} 0-1

[Event "EYCC 2017"]
[Site "Mamaia"]
[Date "2017.09.09"]
[Round "5"]
[White "Kirillov, Dmitry"]
[Black "Lopez Varela, Pablo"]
[Result "1-0"]
[WhiteElo "2137"]
[BlackElo "1951"]
[Annotator "NA"]
[PlyCount "45"]
[EventDate "2017.??.??"]
[EventType "swiss"]
[EventCountry "ROU"]
[SourceTitle "playchess.com"]
[Source "ChessBase"]
[SourceQuality "1"]
[TimeControl "40/5400+30:1800+30"]

1. e4 {[%emt 0:00:00]} e5 {[%emt 0:00:05]} 2. Nf3 {[%emt 0:00:00]} d6 {[%emt 0:00:03]} 3. d4 {[%emt 0:00:00]} exd4 {[%emt 0:00:03]} 4. Nxd4 {[%emt 0:00:00]} Nf6 {[%emt 0:00:04]} 5. Nc3 {[%emt 0:00:00]} Be7 {[%emt 0:00:05]} 6. Bf4 {[%emt 0:00:00]} O-O {[%emt 0:00:23]} 7. Qd2 {[%emt 0:00:08]} a6 {[%emt 0:02:21]} 8. O-O-O {[%emt 0:00:26]} b5 {[%emt 0:00:29]} 9. f3 {[%emt 0:03:59]} b4 {[%emt 0:13:29]} 10. Nd5 {[%emt 0:00:48]} Nxd5 {[%emt 0:00:18]} 11. exd5 {[%emt 0:00:05]} a5 {[%emt 0:00:06]} 12. g4 {[%emt 0:11:49]} Bb7 {[%emt 0:14:16]} 13. Nf5 {[%emt 0:02:25]} Bf6 {[%emt 0:03:19]} 14. g5 {[%emt 0:03:02]} Be5 {[%emt 0:01:53]} 15. Be3 {[%emt 0:00:47]} Qd7 {[%emt 0:10:10]} 16. Bh3 {[%emt 0:06:49]} Qa4 {[%emt 0:02:15]} 17. Kb1 {[%emt 0:01:15]} Ba6 {[%emt 0:09:53]} 18. Bd4 {[%emt 0:08:14]} c5 {[%emt 0:05:47]} 19. Bxe5 {[%emt 0:06:39]} dxe5 {[%emt 0:00:12]} 20. g6 {[%emt 0:00:42]} fxg6 {[%emt 0:05:58]} 21. Nd6 {[%emt 0:05:03]} Rf4 {[%emt 0:09:08]} 22. Qe3 {[%emt 0:02:52]} Nd7 {[%emt 0:04:28]} 23. b3 {[%emt 0:01:11]} 1-0

[Event "EYCC 2017"]
[Site "Mamaia"]
[Date "2017.09.09"]
[Round "5"]
[White "Muetsch, Annmarie"]
[Black "Goltseva, Ekaterina"]
[Result "1/2-1/2"]
[WhiteElo "2137"]
[BlackElo "2214"]
[Annotator "NA"]
[PlyCount "79"]
[EventDate "2017.??.??"]
[EventType "swiss"]
[EventCountry "ROU"]
[SourceTitle "playchess.com"]
[Source "ChessBase"]
[SourceQuality "1"]
[TimeControl "40/5400+30:1800+30"]

1. e4 {[%emt 0:00:00]} e6 {[%emt 0:00:04]} 2. d4 {[%emt 0:00:00]} d5 {[%emt 0:00:03]} 3. Nd2 {[%emt 0:00:00]} Nf6 {[%emt 0:00:06]} 4. e5 {[%emt 0:00:00]} Nfd7 {[%emt 0:00:04]} 5. Bd3 {[%emt 0:00:00]} c5 {[%emt 0:00:05]} 6. c3 {[%emt 0:00:00]} Nc6 {[%emt 0:00:04]} 7. Ne2 {[%emt 0:00:03]} cxd4 {[%emt 0:00:08]} 8. cxd4 {[%emt 0:00:06]} f6 {[%emt 0:00:05]} 9. exf6 {[%emt 0:00:05]} Nxf6 {[%emt 0:00:05]} 10. O-O {[%emt 0:00:24]} Bd6 {[%emt 0:00:28]} 11. Nf3 {[%emt 0:00:17]} O-O {[%emt 0:00:09]} 12. Bf4 {[%emt 0:00:27]} Bxf4 {[%emt 0:00:08]} 13. Nxf4 {[%emt 0:00:05]} Ng4 {[%emt 0:00:11]} 14. g3 {[%emt 0:14:10]} g5 {[%emt 0:01:20]} 15. Ng2 {[%emt 0:03:24]} Qf6 {[%emt 0:00:29]} 16. Be2 {[%emt 0:04:07]} Nh6 {[%emt 0:00:40]} 17. Ne3 {[%emt 0:25:41]} g4 {[%emt 0:11:56]} 18. Nh4 {[%emt 0:05:01]} Qxd4 {[%emt 0:14:18]} 19. Qxd4 {[%emt 0:05:47]} Nxd4 {[%emt 0:00:50]} 20. Bxg4 {[%emt 0:00:32]} Nc6 {[%emt 0:10:25]} 21. Bd1 {[%emt 0:10:08]} Bd7 {[%emt 0:04:37]} 22. f4 {[%emt 0:01:35]} Rad8 {[%emt 0:05:40]} 23. Bf3 {[%emt 0:05:03]} Nf7 {[%emt 0:05:22]} 24. Rad1 {[%emt 0:03:12]} Bc8 {[%emt 0:04:42]} 25. Rfe1 {[%emt 0:01:46]} Nd6 {[%emt 0:03:25]} 26. Nc2 {[%emt 0:07:10]} Rf7 {[%emt 0:11:35]} 27. Nd4 {[%emt 0:03:26]} Nxd4 {[%emt 0:02:09]} 28. Rxd4 {[%emt 0:00:04]} Rc7 {[%emt 0:01:00]} 29. f5 {[%emt 0:02:40]} Nxf5 {[%emt 0:03:01]} 30. Nxf5 {[%emt 0:00:19]} exf5 {[%emt 0:00:04]} 31. Rxd5 {[%emt 0:00:50]} Rxd5 {[%emt 0:01:36]} 32. Bxd5+ {[%emt 0:00:06]} Kf8 {[%emt 0:01:06]} 33. Bb3 {[%emt 0:01:20]} b6 {[%emt 0:01:12]} 34. Kf2 {[%emt 0:01:16]} Kg7 {[%emt 0:02:21]} 35. Re2 {[%emt 0:03:29]} Kf6 {[%emt 0:03:22]} 36. Rc2 {[%emt 0:02:04]} Rxc2+ {[%emt 0:00:47]} 37. Bxc2 {[%emt 0:00:05]} Ke5 {[%emt 0:00:56]} 38. Ke3 {[%emt 0:00:04]} Be6 {[%emt 0:02:25]} 39. a3 {[%emt 0:00:05]} h6 {[%emt 0:00:17]} 40. Bd1 1/2-1/2

[Event "EYCC 2017"]
[Site "Mamaia"]
[Date "2017.09.09"]
[Round "5"]
[White "Gombocz, Ferenc Jr"]
[Black "Oglaza, Oskar"]
[Result "0-1"]
[WhiteElo "2106"]
[BlackElo "2198"]
[Annotator "NA"]
[PlyCount "68"]
[EventDate "2017.??.??"]
[EventType "swiss"]
[EventCountry "ROU"]
[SourceTitle "playchess.com"]
[Source "ChessBase"]
[SourceQuality "1"]
[TimeControl "40/5400+30:1800+30"]

1. d4 f5 2. Bg5 h6 3. Bh4 g5 4. e4 Bg7 5. Bg3 fxe4 6. h4 c5 7. hxg5 cxd4 8. Bc4 Qa5+ 9. Qd2 Qb6 10. Qf4 Qa5+ 11. Qd2 Qb6 12. Qf4 Qa5+ 13. b4 Qxb4+ 14. Nd2 Qc3 15. Rb1 e6 16. Qxe4 Ne7 17. Bd6 Qa5 18. Rxb7 Bxb7 19. Qxb7 Qb6 20. Qxa8 Qxd6 21. Qxa7 Nbc6 22. Qa8+ Kf7 23. g6+ Nxg6 24. Qa4 Rb8 25. Ne2 Nge5 26. Bb3 d3 27. Ng3 Rb4 28. Qa6 dxc2 29. Bxc2 Rb2 30. Nge4 Qd4 31. Qa4 Nb4 32. Bb3 Ned3+ 33. Kf1 Rxd2 34. Rh4 Rxf2+ 0-1